Vista normal
Vista MARC
Entrada Personal Name
Número de registros utilizados en: 4
001 - CONTROL NUMBER
- control field: 6885
003 - CONTROL NUMBER IDENTIFIER
- control field: OSt
005 - DATE AND TIME OF LATEST TRANSACTION
- control field: 20210225122313.0
008 - FIXED-LENGTH DATA ELEMENTS
- fixed length control field: 050824n| acannaabn |a aaa c
010 ## - LIBRARY OF CONGRESS CONTROL NUMBER
- LC control number: 2005078652
035 ## - SYSTEM CONTROL NUMBER
- System control number: (OCoLC)oca06715507
040 ## - CATALOGING SOURCE
- Original cataloging agency: MX-MrUMS
- Language of cataloging: spa
- Description conventions: rda
- Transcribing agency: Mx-PuUPA
- Modifying agency: Mx-PuUPA
100 1# - HEADING--PERSONAL NAME
- Personal name: Ferreiro Gravié, Ramón,
374 ## - OCCUPATION
- Occupation: Autor
375 ## - GENDER
- Gender: hombre
377 ## - ASSOCIATED LANGUAGE
- Language code: spa
400 1# - SEE FROM TRACING--PERSONAL NAME
- Personal name: Gravié, Ramón Ferreiro
670 ## - SOURCE DATA FOUND
- Source citation: El ABC del aprendizaje cooperativo : trabajo en equipo para enseñar y aprender, 2000:
- Information found: t.p. (Ramón Ferreiro Gravié)
670 ## - SOURCE DATA FOUND
- Source citation: Biblioteca del Congreso (Estados Unidos), 22 marzo 2018 :
- Information found: catálogo electrónico:
- Uniform Resource Identifier: https://goo.gl/J49WYE